000 00349nam a22001337a 4500
008 230607b xxu||||| |||| 00| 0 eng d
020 _a0333760980
082 _a967.6203
_bKYL
100 _cKeith Kyle
_d1999
245 _aThe Politics of the Independence of Kenya
260 _aNew York
_bPalgrave Macmillan
300 _axviii;258 p
942 _2ddc
_cBK
999 _c799
_d799